000 01816nam a2200445 i 4500
001 30348
003 KOSZ 005
005 20201006135717.0
008 980702s1994 pl a f |000 0 pol
015 _aUWD 1996/261
035 _a991003839219705066
035 _a(PL-WaBN)b11024458-48omnis_nlop
035 _ab11024458
035 _a(OCoLC)835168692
035 _a(PL)b0000001102445
035 _a(EXLNZ-48OMNIS_NETWORK)9910416072605606
040 _aWA N
_cWA N
_dKOSZ 005/EG
080 _a504
080 _a(438)
245 0 0 _aRaport o stanie środowiska województwa skierniewickiego /
_c[oprac. Bogumiła Dąbrowska et al.] ; Państwowa Inspekcja Ochrony Środowiska, Wojewódzki Inspektorat Ochrony Środowiska, Wydział Ochrony Środowiska Urzędu Wojewódzkiego, Wojewódzka Stacja Sanitarno-Epidemiologiczna w Skierniewicach.
260 _aSkierniewice :
_bWIOŚ ;
_a[Warszawa] :
_bPIOŚ,
_c1994.
300 _a84 s., [3] k. złoż., [7] s. tabl. kolor. :
_bfot., mapy (w tym kolor.), wykr. ;
_c25 cm.
336 _aTekst
_btxt
_2rdacontent
337 _aBez urządzenia pośredniczącego
_bn
_2rdamedia
338 _aWolumin
_bnc
_2rdacarrier
380 _aKsiążki
388 _a1901-2000
388 _a1989-2000
490 1 _aBiblioteka Monitoringu Środowiska
500 _aNa s. 2 k. tyt. błędny ISBN.
650 7 _aŚrodowisko
651 7 _aSkierniewice (woj. łódzkie ; okręg)
_2DBN
658 _aOchrona środowiska
700 1 _aDąbrowska, Bogumiła
_eAutor
710 2 _aPaństwowa Inspekcja Ochrony Środowiska
_4pbl
830 0 _aBiblioteka Monitoringu Środowiska
856 _uhttp://koha.tu.koszalin.pl/cgi-bin/koha/opac-detail.pl?biblionumber=30348
_yKatalog online BPK
942 _2UKD
_cKS
999 _c30348
_d30348